[Porter-Szücs, Brian: Faith and fatherland]
| Titel: | [Porter-Szücs, Brian: Faith and fatherland] / Timothy Snyder |
|---|---|
| Verfasser: | |
| In: |
Slavic review, Band 71, Heft 3 (2012), Seite 650-652 alle Artikel anzeigen |
| Veröffentlicht: | 2012 |
| Format: | Aufsatz |
| Sprache: | Englisch |
X
alg: 39508527 001A $01999:12-11-16 001B $03025:19-02-26 $t15:06:26.000 001D $01999:12-11-16 001U $0utf8 001X $00 002@ $0Aox 003@ $0395085276 006N $000186830 007A $0395085276 $aHEB 007D $asw120905 007I $0swets167125537 007T $0Herdc0082936m 010@ $aeng 011@ $a2012 013D $#Newspapers Sections, columns, etc. Reviews $#Book reviewing $#Journaux Cahiers, chroniques, etc. Comptes rendus $#Livres Recension $#Rezension $#Rezension $#Buchbesprechung $#Buchrezension $#Buchkritik $74049712-4 $8Rezension [Ts1] $9085138568 021A $a[Porter-Szücs, Brian: Faith and fatherland] $hTimothy Snyder 028A $#Снайдер, Тiмотi $#Snajdėr, Tymaci $#Snyder, Timothy David $#Snajder, Timoti $#Snyder, Tim $#Sunaidā, Timoshī $7124450016 $8Snyder, Timothy$Z1969- [Tp1] $9155128302 031A $d71 $e3 $h650-652 $j2012 039B $aIn $8--Abvc--. Slavic review. - Cambridge : Cambridge University Press, [1961-2024]. - ISSN 0037-6779 $x201200000710003350 $9047271809 039T $8--Aau--Porter-Szűcs, Brian [Tp3]. Faith and fatherland. - New York : Oxford Univ. Press, 2011. - IX, 484 S.. - ISBN 978-0-19-539905-9 $9233073264 045F $a900.9438 $eDDC23BSB 045F/01 $a900 045F/03 $g438 045T $a3,6 $a7,41 lok: 39508527 78 exp: 39508527 78 1 #EPN 201B/01 $018-11-16 $t13:42:03.000 201U/01 $0utf8 203@/01 $0791383911 208@/01 $a12-11-16 $be 209A/01 $a/ $f000 $x00 220C/01 $aTitelaufnehmer: rb 220C/01 $aHerkunft: HI Marburg 244Z/01 $2Trx $#Poola $#Lenkija $#Polija $#Polen Land $#Poland $#Lengyelország $#Poľsko $#Polsko $8--Trx--Polska$gkraj $x01 $9391345966 244Z/01 $2Trx $#arvustused $#recenzijos $#Reviews $#recenziók $#recenzje $#recenzie $#recenze $8--Trx--Rezensionen $x02 $9391357441 247C/01 $82080>Marburg/Lahn, Herder-Institut, Forschungsbibliothek, Bibliographieportal $9336309341
| LEADER | 00000caa a22000002c 4500 | ||
|---|---|---|---|
| 001 | 395085276 | ||
| 003 | DE-603 | ||
| 005 | 20260219150626.0 | ||
| 007 | tu | ||
| 008 | 161112s2012 xx |||| | u00||u|eng c | ||
| 035 | |a (DE-599)HEB395085276 | ||
| 035 | |a (NL-LiSWE)00186830 | ||
| 040 | |a DE-603 |b ger |c DE-603 |d DE-603 | ||
| 041 | |a eng | ||
| 082 | 0 | 4 | |8 1\u |a 900.9438 |q DE-101 |2 23/BSB |
| 084 | |a 3,6 |a 7,41 |2 ssgn | ||
| 085 | |8 1\u |b 900 | ||
| 085 | |8 1\u |z 2 |s 438 | ||
| 100 | 1 | |a Snyder, Timothy |d 1969- |0 (DE-603)155128302 |0 (DE-588)124450016 |2 gnd | |
| 245 | 0 | 0 | |a [Porter-Szücs, Brian: Faith and fatherland] |c Timothy Snyder |
| 264 | 0 | |c 2012 | |
| 655 | 7 | |a Rezension |2 gnd-content |0 (DE-588)4049712-4 |0 (DE-603)085138568 | |
| 773 | 0 | 8 | |i In |t Slavic review |d Cambridge : Cambridge University Press, [1961-2024] |x 0037-6779 |g Band 71, Heft 3 (2012), Seite 650-652 |w (DE-603)047271809 |w (DE-600)203404-9 |
| 787 | 0 | 8 | |i Rezension von |a Porter-Szűcs, Brian |t Faith and fatherland |d New York : Oxford Univ. Press, 2011 |h IX, 484 S. |z 9780195399059 |w (DE-603)233073264 |
| 924 | 0 | |9 2080 |a (DE-603)791383911 |b DE-2080 |c HES |d d |g / | |


